| 000 | 00428nam a22001457a 4500 | ||
|---|---|---|---|
| 020 | _a9780471115939 | ||
| 040 | _cNUST | ||
| 082 | _a658.5 ASK | ||
| 100 |
_aAskin, Ronald.G: _985256 |
||
| 110 |
_aGoldberg, Jeffrey.B _9104126 |
||
| 245 | _aDesign and Analysis of Lean Production Systems | ||
| 260 |
_aNew York: _bWiley, _c2002. |
||
| 650 |
_aDesign and Analysis of Lean Production Systems.NUSTTB2022 _9102842 |
||
| 942 |
_2ddc _cBK |
||
| 999 |
_c591400 _d591400 |
||